| 000 | 00641nam a2200217Ia 4500 | ||
|---|---|---|---|
| 008 | 260312s9999 xx 000 0 und d | ||
| 082 | _a322.1 F826c 1979 HNA | ||
| 100 |
_aFrancou, Francois _935482 |
||
| 245 | 0 | _aChile: el socialismo y la iglesia. | |
| 250 | _a1a. edición | ||
| 260 | _aObra Nacional de la buena prensa | ||
| 260 | _bDistrito Federal, México | ||
| 260 | _c1979 | ||
| 300 | _a208p. | ||
| 500 | _aColección Humberto Nogueira Alcalá | ||
| 650 |
_aChile _9121 |
||
| 650 |
_aIglesia y problemas sociales _917934 |
||
| 650 |
_aSocialismo _92490 |
||
| 650 |
_aSocialismo y cristianismo _935483 |
||
| 942 |
_2ddc _cLIBRO |
||
| 999 |
_c20299 _d20299 |
||